|
|
|
|
| LEADER |
00000naa2a2200000 4500 |
| 001 |
236100 |
| 005 |
20260105162712.0 |
| 035 |
|
|
|a (RuTPU)RU\TPU\book\257247
|
| 035 |
|
|
|a RU\TPU\book\257242
|
| 090 |
|
|
|a 236100
|
| 100 |
|
|
|a 20130419d2013 k y0rusy50 ca
|
| 101 |
0 |
|
|a rus
|
| 102 |
|
|
|a RU
|
| 135 |
|
|
|a drcn ---uucaa
|
| 181 |
|
0 |
|a i
|
| 182 |
|
0 |
|a b
|
| 200 |
1 |
|
|a Определение влияния межфазного слоя при малых степенях наполнения композиционного материала
|f О. А. Сенатова, С. А. Бочкарева
|g науч. рук. Б. А. Люкшин
|
| 203 |
|
|
|a Текст
|c электронный
|
| 225 |
1 |
|
|a Моделирование физико-химических процессов в современных технологиях
|
| 300 |
|
|
|a Заглавие с титульного экрана
|
| 320 |
|
|
|a [Библиогр.: с. 431 (3 назв.)]
|
| 337 |
|
|
|a Adobe Reader
|
| 461 |
|
1 |
|0 (RuTPU)RU\TPU\book\256460
|t Высокие технологии в современной науке и технике
|o сборник научных трудов II Всероссийской научно-технической конференции молодых ученых, аспирантов и студентов с международным участием, Томск, 27-29 марта 2013 г
|o в 2 т.
|f Национальный исследовательский Томский политехнический университет (ТПУ)
|d 2013
|
| 463 |
|
1 |
|0 (RuTPU)RU\TPU\book\256473
|t Т. 2
|v [С. 428-431]
|d 2013
|
| 610 |
1 |
|
|a труды учёных ТПУ
|
| 610 |
1 |
|
|a электронный ресурс
|
| 610 |
1 |
|
|a определение
|
| 610 |
1 |
|
|a межфазовые границы
|
| 610 |
1 |
|
|a наполнение
|
| 610 |
1 |
|
|a композиционные материалы
|
| 700 |
|
1 |
|a Сенатова
|b О. А.
|
| 701 |
|
1 |
|a Бочкарева
|b С. А.
|
| 702 |
|
1 |
|a Люкшин
|b Б. А.
|4 727
|
| 801 |
|
2 |
|a RU
|b 63413507
|c 20131118
|g RCR
|
| 856 |
4 |
|
|u http://www.lib.tpu.ru/fulltext/c/2013/C17/V2/135.pdf
|
| 942 |
|
|
|c CF
|